| 000 | 01463nam a22003493i 4500 | ||
|---|---|---|---|
| 001 | EBC31993334 | ||
| 003 | MiAaPQ | ||
| 005 | 20251024192622.0 | ||
| 007 | cr cnu|||||||| | ||
| 008 | 251024s2025 xx o ||||0 eng d | ||
| 020 |
_a9782503614229 _q(electronic bk.) |
||
| 020 | _z9782503614212 | ||
| 040 |
_aMiAaPQ _beng _cMiAaPQ |
||
| 100 | 1 |
_aDoroszewska, Julia. _967468 |
|
| 245 | 1 | 0 |
_aBoundaries of Holiness, Frontiers of Sainthood : _bNegotiating the Image of Christian Holy Figures and Saints in Late Antiquity. |
| 250 | _a1st ed. | ||
| 264 | 1 |
_aTurnhout, Belgium : _bBrepols Publishers, _c2025. |
|
| 264 | 4 | _c©2025. | |
| 300 | _a1 online resource (284 pages) | ||
| 336 |
_aText _btxt _2rdacontent |
||
| 337 |
_aComputermedien _bc _2rdamedia |
||
| 338 |
_aOnline Resource _bcr _2rdacarrier |
||
| 490 | 1 |
_aFabulae. Narrative in Late Antiquity and the Middle Ages Series ; _vv.3 |
|
| 500 | _aE-Book-ProQuest / Fernzugriff nach Registrierung möglich | ||
| 655 |
_aFernzugriff _9230 |
||
| 655 | 4 | _aElectronic books. | |
| 700 | 1 |
_aKusio, Mateusz. _967469 |
|
| 776 | 0 | 8 |
_iPrint version: _aDoroszewska, Julia _tBoundaries of Holiness, Frontiers of Sainthood _dTurnhout, Belgium : Brepols Publishers,c2025 _z9782503614212 |
| 830 | 0 |
_aFabulae. Narrative in Late Antiquity and the Middle Ages Series _967470 |
|
| 856 | 4 | 0 |
_uhttps://ebookcentral.proquest.com/lib/maxweberstiftung-ebooks/detail.action?docID=31993334 _zVolltext |
| 942 | _cEB | ||
| 999 |
_c73099 _d73099 |
||